000 00334nam a2200133 i 4500
001 bg
100 1 _aHOFFMANN, Wojciech
245 0 _aUdoskonalenie miejsca pracy w przemyƛle. Nr 56 /
_cWojciech Hoffmann.
260 _aWarszawa,
_c1965.
040 _cBPK
041 _apol
942 _cKS
008 s pl f |000 0 pol
999 _c7485
_d7485
856 _uhttp://koha.tu.koszalin.pl/cgi-bin/koha/opac-detail.pl?biblionumber=7485
_yKatalog online BPK